2025 UEFA Conference League Teams Logos - Statistics

General Stats
  • This quiz has been taken 141 times
  • The average score is 23 of 36
Answer Stats
Picture Answer % Correct
Chelsea
99%
Fiorentina
96%
Real Betis
96%
Copenhagen
87%
Gent
85%
Hearts
84%
Molde
84%
Legia Warsaw
81%
Panathinaikos
80%
Apoel
78%
Heidenheim
78%
Cercle Brugge
73%
Rapid Wien
73%
Shamrock Rovers
72%
İstanbul Başakşehir
71%
St. Gallen
69%
Vitória de Guimarães
69%
LASK
65%
Lugano
60%
The New Saints
58%
Djurgårdens
57%
HJK
56%
Astana
54%
Omonia
53%
Noah
52%
Dinamo Minsk
51%
Pafos
48%
Jagiellonia Białystok
43%
Olimpija Ljubljana
42%
TSC
42%
Víkingur Reykjavík
42%
Celje
40%
Mladá Boleslav
40%
Petrocub Hîncești
40%
Borac Banja Luka
38%
Larne
37%
No matching quizzes found
Score Distribution
Percent of People with Each Score
Percentile by Number Answered
Your Score History
You have not taken this quiz